000 00202nam a22000857a 4500
008 161125b xxu||||| |||| 00| 0 eng d
100 _91443
_aDickens, C
245 _aOliver Twist
260 _aDelhi
_bCBSE
_c2007
999 _c4167
_d4167